00989cam a22002411 450000100060000000300080000600500170001400800390003103500190007004000310008904100080012008200240012810000270015224501080017926000480028730000350033550000880037050001610045850400370061965000360065670000220069271000330071412280BD-RjUL20211208235251.0140128s1966 ne a b 101 0 eng a(BD-RjUL)12329 aDLCcTUdDLCdBD-RjULbeng aeng00a616.12075bVEC 19661 aHoffman, Irwin,d1925-10aVectorcardiography, 1965 :b[proceedings] /cIrwin Hoffman, editor. Robert C. Taymor, associate editor. aAmsterdam :bNorth-Holland Pub. Co.,c1966. axi, 428 p. :billus. ;c27 cm. a"Symposium held at the Long Island Jewish Hospital, New York City, 11-13 May 1965." aProceedings of the 1st of a series of meetings; proceedings of the 2d are entered under International Symposium on Vectorcardiography, 11th, New York, 1970. aIncludes bibliographies & Index. 0aVectorcardiographyxCongresses.1 aTaymor, Robert C.2 aLong Island Jewish Hospital.